|
|
|
แสดงรายละเอียดบรรณานุกรม |
|
|
Brief Record
: Get Marc (ISO 2709)
: E-mail record
: |
|
|
| LEADER 00000nam 2200000uu 4500 | |||
| 001 45568 | |||
| 003 ULIBM | |||
| 008 020711s2006 th a 000 0 eng d | |||
| 020 ^a9780978147303 | |||
| 082 ^aFic T-K | |||
| 100 ^aTurmann, Bjorn | |||
| 245 ^aThe Karaoke World of Cortous Haire/^cBjorn Turmann | |||
| 250 ^a1st ed | |||
| 260 ^aKonstrukt Books:^bCanada,^c2006 | |||
| 300 ^a360 pages : 199 bath | |||
| 999 ^ananthaya | |||
| คุณยังไม่ได้ล็อกอิน คุณสามารถมีกิจกรรมร่วมกับเว็บไซต์ได้ แต่ต้องล็อกอินก่อน :: |
|
| สถานะ | |||||||||
| 1. | หนังสือ | Fic T-K 2006 Barcode: 077584 | ►หนังสือทั่วไป | On Shelf ขอยืม | |||||
| 2. | หนังสือ | Fic T-K 2006 Barcode: 077585 | ►หนังสือทั่วไป | On Shelf ขอยืม | |||||
| [แสดง 2/2 รายการ] | |||||||||

| รายการใกล้เคียง ผู้แต่ง [Turmann, Bjorn] |
BibComment |
| คอมเมนท์ทรัพยากรรายการนี้ |
|
|
ห้องสมุดโรงเรียนสามัคคีวิทยาคม
159 ถ.บรรพปราการ ต.เวียง อ.เมือง จ.เชียงราย 57000
โทร. 053-711018 โทรสาร 053-713003